| 000 | 00514nam a22001697a 4500 | ||
|---|---|---|---|
| 003 | SISC | ||
| 005 | 20170616160318.0 | ||
| 008 | 170616b xxu||||| |||| 00| 0 eng d | ||
| 020 | _a9789813151222 | ||
| 050 |
_aHF 5415 _b.C856 2017 |
||
| 100 | _aCrawford, C. Merle. | ||
| 245 |
_aNew products management / _cC. Merle Crawford, C. Anthony Di Benedetto. |
||
| 260 |
_aNY : _bMc Graw Hill, _c2017. |
||
| 300 |
_axx, 588 pages : _billustrations ; _c24 cm. |
||
| 500 | _aIncludes appendix and index. | ||
| 942 |
_2lcc _cBK |
||
| 999 |
_c335242 _d335242 |
||